| 000 -LEADER |
| fixed length control field |
00693nam a2200217Ia 4500 |
| 001 - CONTROL NUMBER |
| control field |
7740 |
| 003 - CONTROL NUMBER IDENTIFIER |
| control field |
GE_BSU |
| 005 - DATE AND TIME OF LATEST TRANSACTION |
| control field |
20221116112749.0 |
| 008 - FIXED-LENGTH DATA ELEMENTS--GENERAL INFORMATION |
| fixed length control field |
181216s1999en xx |||||||||||||| ||eng|| |
| 020 ## - INTERNATIONAL STANDARD BOOK NUMBER |
| International Standard Book Number |
0750642823 x |
| 040 ## - CATALOGING SOURCE |
| Transcribing agency |
GE_BSU |
| 041 ## - LANGUAGE CODE |
| Language code of text/sound track or separate title |
eng |
| 080 ## - UNIVERSAL DECIMAL CLASSIFICATION NUMBER |
| Universal Decimal Classification number |
76:621 A-55 |
| 100 ## - MAIN ENTRY--PERSONAL NAME |
| Personal name |
Andrew,Samuel |
| 9 (RLIN) |
14723 |
| 245 ## - TITLE STATEMENT |
| Title |
Introduction to Engineering Design:Modelling, synthesis and Problem solving strategies / |
| Statement of responsibility, etc. |
Samuel Andrew. |
| 264 ## - PRODUCTION, PUBLICATION, DISTRIBUTION, MANUFACTURE, AND COPYRIGHT NOTICE |
| Place of production, publication, distribution, manufacture |
Oxford : |
| Name of producer, publisher, distributor, manufacturer |
Butterworth Heinemann, |
| Date of production, publication, distribution, manufacture, or copyright notice |
1999. |
| 300 ## - PHYSICAL DESCRIPTION |
| Extent |
405 p. 23cm. |
| Dimensions |
23cm. |
| 653 ## - INDEX TERM--UNCONTROLLED |
| keyword |
Introduction to Engineering Design |
| 653 ## - INDEX TERM--UNCONTROLLED |
| keyword |
შესავალი საინჟინრო დიზაინში |
| 942 ## - ADDED ENTRY ELEMENTS (KOHA) |
| Koha item type |
წიგნი |
| Source of classification or shelving scheme |
|